000 00637nam a22002417a 4500
003 UA-OsUOA
001 94313
007 ta
008 20130207b un ||||| |||| 00| 0 ukr d
100 _aГольбах П.
090 _a821.133.1
_bГ63
942 _cBK
040 _aUA-OsUOA
_brus
_cUA-OsUOA
_dUA-OsUOA
245 _aКишенькове богослів'я
300 _a190 с.
955 _a3
041 _arus
080 _a821.133.1
260 _aК.
_bПолітвидав України
_c1980
044 _aUA
650 7 _a82 Література. Літературознавство
_2UDC
999 _c380559
_d380559